000 00553nam a2200205 a 4500
999 _c4908
_d4908
003 PK-NaQUE
005 20241203130517.0
008 241203b ||||| |||| 00| 0 eng d
020 _a1843342065 (hardcover)
020 _a9781843342069 (hardcover)
040 _cQUEST
100 1 _aElliott, Judith.
245 1 0 _aLeadership Scaffolding /
250 _a1st ed.
260 _a[S.l.] :
_bChandos Publishing,
_c2006.
300 _a176 p. ;
650 _aLeadership
856 4 0 _uhttp://10.10.170.122:8080/browse/book/26099
_yeBook
942 _cBK
_2ddc